[Event "1516VL"]
[Site "Mecklenburg-Vorpommern"]
[Date "2015.12.13"]
[Round "4.4"]
[White "Fidorra, Thomas"]
[Black "Kohn, Andreas"]
[Result "1-0"]
[WhiteElo "1940"]
[BlackElo "1947"]
[PlyCount "57"]
[EventDate "2015.10.11"]
[EventType "team-tourn"]
[EventRounds "9"]
[EventCountry "GER"]
[SourceDate "2015.09.20"]
[WhiteTeam "SG Guestrow/Teterow"]
[BlackTeam "FHSG Stralsund"]
[WhiteTeamCountry "GER"]
[BlackTeamCountry "GER"]

1. e4 e6 2. d4 d5 3. Nc3 Bb4 4. Nge2 Ne7 5. a3 Bxc3+ 6. Nxc3 b6 7. Bg5 dxe4 8.
Nxe4 Qd5 9. Bd3 Nbc6 10. Bf6 O-O 11. O-O Bb7 12. c4 Qf5 13. Bxe7 Nxe7 14. Nd6
Qf6 15. Nxb7 Rab8 16. Be4 Nf5 17. Qd3 Nxd4 18. Rad1 e5 19. f4 Rfe8 20. fxe5
Qxe5 21. Qxd4 Qxe4 22. Qxe4 Rxe4 23. c5 f6 24. c6 Re2 25. Rd7 Rc8 26. Rfd1 Kf8
27. Rd8+ Re8 28. Rxc8 Rxc8 29. Rd7 1-0

[Event "1516VL"]
[Site "Mecklenburg-Vorpommern"]
[Date "2015.12.13"]
[Round "4.5"]
[White "Kohn, Thomas"]
[Black "Dettmann, Holger"]
[Result "1/2-1/2"]
[WhiteElo "1854"]
[BlackElo "1919"]
[PlyCount "62"]
[EventDate "2015.10.11"]
[EventType "team-tourn"]
[EventRounds "9"]
[EventCountry "GER"]
[SourceDate "2015.09.20"]
[WhiteTeam "FHSG Stralsund"]
[BlackTeam "SG Guestrow/Teterow"]
[WhiteTeamCountry "GER"]
[BlackTeamCountry "GER"]

1. Nf3 d5 2. c4 Nf6 3. d4 g6 4. Nc3 Bg7 5. e3 O-O 6. Bd3 dxc4 7. Bxc4 Nbd7 8.
O-O c5 9. Qe2 cxd4 10. Nxd4 e5 11. Ndb5 Nb6 12. Rd1 Qe7 13. b3 Nxc4 14. bxc4 e4
15. Ba3 Qe5 16. Bd6 Qg5 17. Bxf8 Bg4 18. Bxg7 Bxe2 19. Bxf6 Qxf6 20. Nxe2 Rd8
21. Ned4 Qa6 22. a4 Qa5 23. c5 Rd5 24. Nd6 Qxc5 25. Nxe4 Qe7 26. Nc3 Rc5 27.
Rdc1 h5 28. h3 Qe5 29. Rab1 Qc7 30. Ndb5 Qe5 31. Nd4 Qc7 1/2-1/2

[Event "1516VL"]
[Site "Mecklenburg-Vorpommern"]
[Date "2015.12.13"]
[Round "4.6"]
[White "Kiel, Bernd"]
[Black "Klepin, Wilfried"]
[Result "1/2-1/2"]
[WhiteElo "1914"]
[BlackElo "1850"]
[PlyCount "49"]
[EventDate "2015.10.11"]
[EventType "team-tourn"]
[EventRounds "9"]
[EventCountry "GER"]
[SourceDate "2015.09.20"]
[WhiteTeam "SG Guestrow/Teterow"]
[BlackTeam "FHSG Stralsund"]
[WhiteTeamCountry "GER"]
[BlackTeamCountry "GER"]

1. e4 e6 2. d4 f5 3. Nd2 d5 4. exf5 exf5 5. Ngf3 Nf6 6. Be2 Bd6 7. O-O O-O 8.
Re1 Ne4 9. c4 c6 10. Qb3 Kh8 11. Nf1 Qb6 12. Qc2 Bb4 13. Bd2 Bxd2 14. N1xd2 Nd7
15. Rad1 Ndf6 16. Nxe4 fxe4 17. Ne5 Be6 18. b3 Rad8 19. Qc3 Nd7 20. Qg3 Nxe5
21. Qxe5 Rf6 22. cxd5 Bxd5 23. Bc4 Bxc4 24. bxc4 Rdf8 25. Rxe4 1/2-1/2

[Event "1516VL"]
[Site "Mecklenburg-Vorpommern"]
[Date "2015.12.13"]
[Round "4.7"]
[White "Giese, Lothar"]
[Black "Ramp, Oliver"]
[Result "1/2-1/2"]
[WhiteElo "1800"]
[BlackElo "1791"]
[PlyCount "76"]
[EventDate "2015.10.11"]
[EventType "team-tourn"]
[EventRounds "9"]
[EventCountry "GER"]
[SourceDate "2015.09.20"]
[WhiteTeam "FHSG Stralsund"]
[BlackTeam "SG Guestrow/Teterow"]
[WhiteTeamCountry "GER"]
[BlackTeamCountry "GER"]

1. c4 e5 2. Nc3 Nf6 3. g3 d5 4. cxd5 Nxd5 5. Bg2 Nb6 6. d3 Nc6 7. Nf3 Be7 8.
O-O Be6 9. b3 Qd7 10. Bb2 f6 11. Rc1 Bh3 12. Ne4 Bxg2 13. Kxg2 O-O 14. a3 Rad8
15. b4 a6 16. Nc5 Bxc5 17. Rxc5 Kh8 18. Qc2 Rc8 19. Rc1 Rf7 20. Qb3 Nd8 21. e4
Ne6 22. R5c2 Rff8 23. h3 Rfd8 24. Rd2 h6 25. d4 Nxd4 26. Bxd4 exd4 27. Rxd4 Qe7
28. Rcd1 Rxd4 29. Rxd4 Rd8 30. Nh4 Kh7 31. Nf5 Qe8 32. Rxd8 Qxd8 33. Qf7 Qd7
34. Ne7 Qd8 35. Qe6 Qe8 36. Qf5+ Kh8 37. Ng6+ Kg8 38. Nf4 c6 1/2-1/2

[Event "1516VL"]
[Site "Mecklenburg-Vorpommern"]
[Date "2015.12.13"]
[Round "4.8"]
[White "Armbruester, Clemens"]
[Black "Vietinghoff, Klaus"]
[Result "0-1"]
[WhiteElo "1736"]
[BlackElo "1757"]
[PlyCount "76"]
[EventDate "2015.10.11"]
[EventType "team-tourn"]
[EventRounds "9"]
[EventCountry "GER"]
[SourceDate "2015.09.20"]
[WhiteTeam "SG Guestrow/Teterow"]
[BlackTeam "FHSG Stralsund"]
[WhiteTeamCountry "GER"]
[BlackTeamCountry "GER"]

1. d4 f5 2. b3 Nf6 3. Bb2 d5 4. e3 e6 5. Nf3 Bd6 6. c4 c6 7. Bd3 O-O 8. Nc3 Ne4
9. Qc2 Nd7 10. h4 Ndf6 11. Nd2 Ng4 12. Bxe4 fxe4 13. Ndxe4 dxe4 14. Nxe4 Bb4+
15. Ke2 Qe7 16. f3 Nh6 17. g4 e5 18. Rag1 Be6 19. Ng5 g6 20. dxe5 Rad8 21. Ne4
Qd7 22. a3 Rxf3 23. Kxf3 Bxg4+ 24. Kg2 Be7 25. Nf2 Bh5 26. Qc3 Qe6 27. e4 Ng4
28. Rf1 Nxf2 29. Rxf2 Qg4+ 30. Qg3 Qxe4+ 31. Kh2 Bxh4 32. Qf4 Qxf4+ 33. Rxf4
Rd2+ 34. Kg1 Bg5 35. Rxh5 Bxf4 36. Rh4 Be3+ 37. Kf1 Rxb2 38. Rg4 Rxb3 0-1

[Event "1516VL"]
[Site "Mecklenburg-Vorpommern"]
[Date "2015.12.13"]
[Round "4.1"]
[White "Rossmann, Andreas"]
[Black "Hornych, Christoph"]
[Result "1/2-1/2"]
[WhiteElo "1919"]
[BlackElo "2028"]
[PlyCount "34"]
[EventDate "2015.10.11"]
[EventType "team-tourn"]
[EventRounds "9"]
[EventCountry "GER"]
[SourceDate "2015.09.20"]
[WhiteTeam "SG Neubrandenburg"]
[BlackTeam "SF Schwerin III"]
[WhiteTeamCountry "GER"]
[BlackTeamCountry "GER"]

1. Nf3 Nf6 2. g3 e6 3. Bg2 d5 4. d3 b6 5. O-O Bb7 6. c3 Be7 7. Ne5 O-O 8. Nd2
Nbd7 9. Ndf3 Nxe5 10. Nxe5 c5 11. Qa4 Qc7 12. d4 Bd6 13. Nd3 a6 14. Bf4 Bxf4
15. Nxf4 b5 16. Qd1 e5 17. Nd3 Nd7 1/2-1/2

[Event "1516VL"]
[Site "Mecklenburg-Vorpommern"]
[Date "2015.12.13"]
[Round "4.2"]
[White "Westphal, Wolfgang"]
[Black "Kunow, Frank"]
[Result "1-0"]
[WhiteElo "2106"]
[BlackElo "1860"]
[PlyCount "109"]
[EventDate "2015.10.11"]
[EventType "team-tourn"]
[EventRounds "9"]
[EventCountry "GER"]
[SourceDate "2015.09.20"]
[WhiteTeam "SF Schwerin III"]
[BlackTeam "SG Neubrandenburg"]
[WhiteTeamCountry "GER"]
[BlackTeamCountry "GER"]

1. e4 g6 2. Nc3 Bg7 3. d4 d6 4. Be2 a6 5. a4 b6 6. Be3 c5 7. a5 Nd7 8. axb6
Qxb6 9. Nd5 Qd8 10. dxc5 dxc5 11. Bf4 e5 12. Bd2 a5 13. Bb5 h6 14. Ne2 Ngf6 15.
Nxf6+ Bxf6 16. Nc3 Bg7 17. Be3 O-O 18. Qd2 Nf6 19. Bxc5 Qxd2+ 20. Kxd2 Rd8+ 21.
Ke2 Bb7 22. f3 Rdc8 23. Ba3 Ba6 24. Bxa6 Rxa6 25. Rhd1 Bf8 26. Bxf8 Kxf8 27.
Rd2 Rb6 28. Na4 Rbc6 29. c3 Nh5 30. g3 Nf6 31. Rad1 Ke7 32. Kd3 Rb8 33. Kc2 Rc4
34. b3 Rc6 35. c4 g5 36. g4 h5 37. h3 hxg4 38. hxg4 Rh8 39. Nc3 Rh3 40. Rd3 Rc8
41. Ra1 Rh2+ 42. Rd2 Rh3 43. Rf1 Nd7 44. Nd5+ Ke8 45. Ne3 Nc5 46. Nf5 Rb8 47.
Nd6+ Ke7 48. Nb5 Ne6 49. Rd5 f6 50. Rd2 Rc8 51. Kb2 a4 52. Nd6 Rc6 53. Nf5+ Ke8
54. bxa4 Rxc4 55. Nd6+ 1-0

[Event "1516VL"]
[Site "Mecklenburg-Vorpommern"]
[Date "2015.12.13"]
[Round "4.3"]
[White "Pruesse, Horst"]
[Black "Hasselmann, Dieter"]
[Result "1-0"]
[WhiteElo "1976"]
[BlackElo "2064"]
[PlyCount "55"]
[EventDate "2015.10.11"]
[EventType "team-tourn"]
[EventRounds "9"]
[EventCountry "GER"]
[SourceDate "2015.09.20"]
[WhiteTeam "SG Neubrandenburg"]
[BlackTeam "SF Schwerin III"]
[WhiteTeamCountry "GER"]
[BlackTeamCountry "GER"]

1. f4 d5 2. e3 c5 3. b3 Nc6 4. Bb5 Nf6 5. Nf3 Qc7 6. Bb2 Bd7 7. O-O e6 8. c4
dxc4 9. Bxc4 Be7 10. Nc3 a6 11. Rc1 b5 12. Bd3 Nb4 13. Bb1 Bc6 14. Qe1 Rd8 15.
d4 Qb6 16. Kh1 Bxf3 17. Rxf3 cxd4 18. exd4 Qxd4 19. Rd1 Qb6 20. Rxd8+ Bxd8 21.
f5 O-O 22. Qh4 Nfd5 23. f6 g6 24. Nxd5 Nxd5 25. Qh6 Nxf6 26. Rxf6 Qc7 27. Bxg6
hxg6 28. Rxg6+ 1-0

[Event "1516VL"]
[Site "Mecklenburg-Vorpommern"]
[Date "2015.12.13"]
[Round "4.4"]
[White "Kutschke, Peter"]
[Black "Witkowski, Rainer"]
[Result "0-1"]
[WhiteElo "2000"]
[BlackElo "1835"]
[PlyCount "102"]
[EventDate "2015.10.11"]
[EventType "team-tourn"]
[EventRounds "9"]
[EventCountry "GER"]
[SourceDate "2015.09.20"]
[WhiteTeam "SF Schwerin III"]
[BlackTeam "SG Neubrandenburg"]
[WhiteTeamCountry "GER"]
[BlackTeamCountry "GER"]

1. e4 e6 2. c4 d5 3. cxd5 exd5 4. exd5 Qxd5 5. Nc3 Qe5+ 6. Be2 Bg4 7. d4 Qe7 8.
Be3 Bxe2 9. Qxe2 Nf6 10. Nf3 Nc6 11. O-O O-O-O 12. a3 Nd5 13. Nxd5 Rxd5 14. Qc4
Qd7 15. Ne5 Nxe5 16. dxe5 Rxe5 17. Rac1 Bd6 18. Rfd1 Qe6 19. Qa4 Rxe3 20. fxe3
Qxe3+ 21. Kh1 Re8 22. Qd4 Qh6 23. h3 Re2 24. Qg4+ Qe6 $4 25. Qxe6+ $4 (25. Rxd6
$18) 25... Rxe6 26. Rc2 a5 27. Kg1 h5 28. Kf1 Bg3 29. Re2 Rf6+ 30. Kg1 b6 31.
Rd3 h4 32. Re8+ Kb7 33. Re2 b5 34. Rd1 Kb6 35. Rc2 a4 36. Rd8 Re6 37. Rd1 Re4
38. Rdc1 Re6 39. Kf1 g6 40. Rd1 c5 41. Rdc1 c4 42. Rd1 Rf6+ 43. Kg1 Rf5 44.
Rcd2 Kc5 45. Rd8 b4 46. Ra8 Kb5 47. axb4 Kxb4 48. Ra1 Ra5 49. Rc8 Be5 50. Rc1
Rc5 51. Ra1 Rxc8 0-1

[Event "1516VL"]
[Site "Mecklenburg-Vorpommern"]
[Date "2015.12.13"]
[Round "4.5"]
[White "Baier, Karsten"]
[Black "Wandel, Bernd"]
[Result "1/2-1/2"]
[WhiteElo "1850"]
[BlackElo "2023"]
[PlyCount "40"]
[EventDate "2015.10.11"]
[EventType "team-tourn"]
[EventRounds "9"]
[EventCountry "GER"]
[SourceDate "2015.09.20"]
[WhiteTeam "SG Neubrandenburg"]
[BlackTeam "SF Schwerin III"]
[WhiteTeamCountry "GER"]
[BlackTeamCountry "GER"]

1. d4 Nf6 2. c4 g6 3. Nc3 Bg7 4. e4 d6 5. f4 O-O 6. Nf3 Bg4 7. Be2 Nc6 8. d5
Nb4 9. O-O Nd7 10. Be3 Na6 11. h3 Bxf3 12. Bxf3 Nac5 13. Rc1 a5 14. b3 e5 15.
f5 gxf5 16. exf5 e4 17. Bxc5 Bxc3 18. Bxe4 Nxc5 19. Rxc3 Qf6 20. Rg3+ Kh8
1/2-1/2

[Event "1516VL"]
[Site "Mecklenburg-Vorpommern"]
[Date "2015.12.13"]
[Round "4.6"]
[White "Wagner, Ralph"]
[Black "Winkler, Karl"]
[Result "1-0"]
[WhiteElo "1989"]
[BlackElo "1863"]
[PlyCount "49"]
[EventDate "2015.10.11"]
[EventType "team-tourn"]
[EventRounds "9"]
[EventCountry "GER"]
[SourceDate "2015.09.20"]
[WhiteTeam "SF Schwerin III"]
[BlackTeam "SG Neubrandenburg"]
[WhiteTeamCountry "GER"]
[BlackTeamCountry "GER"]

1. d4 Nf6 2. c4 e6 3. Nc3 Bb4 4. Qc2 c5 5. dxc5 Qa5 6. Bd2 Qxc5 7. e3 O-O 8. a3
Bxc3 9. Bxc3 Qe7 10. Bd3 h6 11. Bb4 d6 12. Rd1 Rd8 13. Ne2 Nc6 14. Bc3 d5 15.
O-O dxc4 16. Bxc4 Bd7 17. Ba2 Rac8 18. Bb1 Be8 19. Rxd8 Rxd8 20. Ng3 g6 21. b4
Nb8 22. Ba1 Bb5 23. Rc1 Nbd7 24. a4 Bc6 25. b5 1-0

[Event "1516VL"]
[Site "Mecklenburg-Vorpommern"]
[Date "2015.12.13"]
[Round "4.7"]
[White "Zibell, Walter"]
[Black "Helms, Sven"]
[Result "0-1"]
[WhiteElo "1760"]
[BlackElo "1941"]
[PlyCount "70"]
[EventDate "2015.10.11"]
[EventType "team-tourn"]
[EventRounds "9"]
[EventCountry "GER"]
[SourceDate "2015.09.20"]
[WhiteTeam "SG Neubrandenburg"]
[BlackTeam "SF Schwerin III"]
[WhiteTeamCountry "GER"]
[BlackTeamCountry "GER"]

1. d4 Nf6 2. c4 e6 3. Nc3 Bb4 4. Bd2 c5 5. e3 O-O 6. Nf3 d5 7. a3 Bxc3 8. Bxc3
Ne4 9. Rc1 cxd4 10. Bxd4 Nc6 11. Bd3 Nxd4 12. exd4 Qa5+ 13. Kf1 Bd7 14. Qc2 Nf6
15. c5 Bb5 16. h4 Rac8 17. Ne5 Ne4 18. Rh3 f6 19. Bxb5 fxe5 20. Bd7 Rxf2+ 21.
Qxf2 Nxf2 22. Bxe6+ Kh8 23. Bxc8 Nxh3 24. Bxh3 Qd2 25. Re1 Qxd4 26. b4 g6 27.
g3 Qd3+ 28. Kf2 e4 29. Re3 Qd2+ 30. Re2 Qd4+ 31. Re3 Qb2+ 32. Ke1 d4 33. Re2
Qc1+ 34. Kf2 e3+ 35. Kf3 Qd1 0-1

[Event "1516VL"]
[Site "Mecklenburg-Vorpommern"]
[Date "2015.12.13"]
[Round "4.8"]
[White "Focke, Adrian"]
[Black "Zabka, Helge"]
[Result "0-1"]
[WhiteElo "1643"]
[BlackElo "1654"]
[PlyCount "48"]
[EventDate "2015.10.11"]
[EventType "team-tourn"]
[EventRounds "9"]
[EventCountry "GER"]
[SourceDate "2015.09.20"]
[WhiteTeam "SF Schwerin III"]
[BlackTeam "SG Neubrandenburg"]
[WhiteTeamCountry "GER"]
[BlackTeamCountry "GER"]

1. e4 d5 2. exd5 Nf6 3. d4 Bg4 4. Be2 Bxe2 5. Nxe2 Qxd5 6. O-O Nc6 7. Bf4 O-O-O
8. Nbc3 Qf5 9. a4 e5 10. Bg3 Nxd4 11. Nxd4 Rxd4 12. Qe2 Bd6 13. Nb5 Re4 14. Qd3
Rd8 15. Rfd1 a6 16. Nxd6+ Rxd6 17. Qb3 Nh5 18. Rxd6 cxd6 19. Qd3 Qg6 20. f3 Rd4
21. Qc3+ Kb8 22. Bf2 Nf4 23. Kf1 Qxg2+ 24. Ke1 Qh1+ 0-1

[Event "1516VL"]
[Site "Mecklenburg-Vorpommern"]
[Date "2015.12.13"]
[Round "4.1"]
[White "Littke, Helmut"]
[Black "Schinke, Andreas"]
[Result "1/2-1/2"]
[WhiteElo "1954"]
[BlackElo "2060"]
[PlyCount "73"]
[EventDate "2015.10.11"]
[EventType "team-tourn"]
[EventRounds "9"]
[EventCountry "GER"]
[SourceDate "2015.09.20"]
[WhiteTeam "ASV GW Wismar "]
[BlackTeam "SV BW Grevesmuehlen"]
[WhiteTeamCountry "GER"]
[BlackTeamCountry "GER"]

1. Nf3 Nf6 2. d4 g6 3. c4 Bg7 4. Nc3 d5 5. cxd5 Nxd5 6. e4 Nxc3 7. bxc3 O-O 8.
Bc4 c5 9. O-O Nc6 10. Be3 Bg4 11. e5 Bxf3 12. gxf3 Qa5 13. Rc1 e6 14. Qb3 Qc7
15. Qb5 cxd4 16. cxd4 a6 17. Qb2 b5 18. Bd3 Qd7 19. Be4 Rac8 20. f4 Ne7 21. Qa3
Nd5 22. Qxa6 Ra8 23. Qc6 Qxc6 24. Rxc6 Nxe3 25. fxe3 Rxa2 26. Rb6 Rb2 27. Rb1
Re2 28. R6xb5 Rxe3 29. Bg2 Bh6 30. Rf1 Rd8 31. d5 exd5 32. Rxd5 Rxd5 33. Bxd5
Rd3 34. Ba2 Re3 35. f5 Rxe5 36. fxg6 hxg6 37. Bxf7+ 1/2-1/2

[Event "1516VL"]
[Site "Mecklenburg-Vorpommern"]
[Date "2015.12.13"]
[Round "4.2"]
[White "Boehme, Andy"]
[Black "Kliewe, Hans Juergen"]
[Result "1-0"]
[WhiteElo "2048"]
[BlackElo "1964"]
[PlyCount "82"]
[EventDate "2015.10.11"]
[EventType "team-tourn"]
[EventRounds "9"]
[EventCountry "GER"]
[SourceDate "2015.09.20"]
[WhiteTeam "SV BW Grevesmuehlen"]
[BlackTeam "ASV GW Wismar "]
[WhiteTeamCountry "GER"]
[BlackTeamCountry "GER"]

1. Nf3 d5 2. g3 Nf6 3. Bg2 e6 4. b3 Be7 5. Bb2 c5 6. d3 Nc6 7. Nbd2 d4 8. a4
O-O 9. O-O Re8 10. Nc4 Bf8 11. e4 e5 12. h3 a6 13. Bc1 Bd7 14. a5 Qc7 15. Bg5
Be7 16. Nfd2 h6 17. Bxf6 Bxf6 18. Nb6 Rab8 19. Nd5 Qd8 20. Nc4 Be6 21. Ncb6
Bxd5 22. Nxd5 Be7 23. Qd2 Bd6 24. f4 Bc7 25. Nxc7 Qxc7 26. h4 Qd8 27. f5 f6 28.
Bf3 Re7 29. Kf2 Rc7 30. Rg1 Kf7 31. g4 Ke7 32. g5 hxg5 33. hxg5 Kd6 34. Rg3 Qe7
35. Rh1 Rcc8 36. Rh7 fxg5 37. Rxg5 Rg8 38. Rg6+ Kc7 39. f6 Qe6 40. Qg5 Rbe8 41.
Bg4 Qd6 1-0

[Event "1516VL"]
[Site "Mecklenburg-Vorpommern"]
[Date "2015.12.13"]
[Round "4.3"]
[White "Stutz, Reno"]
[Black "Naujok, Joerg"]
[Result "1-0"]
[WhiteElo "1933"]
[BlackElo "1953"]
[PlyCount "68"]
[EventDate "2015.10.11"]
[EventType "team-tourn"]
[EventRounds "9"]
[EventCountry "GER"]
[SourceDate "2015.09.20"]
[WhiteTeam "ASV GW Wismar "]
[BlackTeam "SV BW Grevesmuehlen"]
[WhiteTeamCountry "GER"]
[BlackTeamCountry "GER"]

1. d4 Nf6 2. Nf3 g6 3. Nc3 d6 4. e4 Bg7 5. Be3 Nbd7 6. Qd2 c6 7. h3 Qa5 8. Bd3
a6 9. O-O O-O 10. a4 e5 11. b4 Qxb4 12. a5 exd4 13. Bxd4 d5 14. Ra4 Qe7 15. Re1
dxe4 16. Nxe4 Nxe4 17. Rxe4 Qd6 18. Bxg7 Kxg7 19. Rh4 Rh8 20. Qh6+ Kg8 21. Rad4
Qf8 22. Qd2 h6 23. Bc4 Kg7 24. Rd6 Qe7 25. Rf4 Rf8 26. Qd4+ f6 27. Re4 Qd8 28.
Be6 Qxa5 29. Bxd7 Rf7 30. Rf4 Bxd7 31. Rfxf6 c5 32. Rxf7+ Kxf7 33. Rxd7+ Ke8
34. Qd6 Qa1+ 1-0

[Event "1516VL"]
[Site "Mecklenburg-Vorpommern"]
[Date "2015.12.13"]
[Round "4.4"]
[White "Wecke, Thoralf"]
[Black "Schulz, Bernd"]
[Result "1/2-1/2"]
[WhiteElo "1907"]
[BlackElo "1882"]
[PlyCount "32"]
[EventDate "2015.10.11"]
[EventType "team-tourn"]
[EventRounds "9"]
[EventCountry "GER"]
[SourceDate "2015.09.20"]
[WhiteTeam "SV BW Grevesmuehlen"]
[BlackTeam "ASV GW Wismar "]
[WhiteTeamCountry "GER"]
[BlackTeamCountry "GER"]

1. d4 d5 2. Bg5 Nf6 3. Bxf6 exf6 4. e3 Bd6 5. c4 dxc4 6. Bxc4 O-O 7. Nc3 f5 8.
g3 Nd7 9. Nf3 Nf6 10. O-O c6 11. Qc2 Be6 12. Bxe6 fxe6 13. e4 fxe4 14. Nxe4
Nxe4 15. Qxe4 Re8 16. Ne5 Be7 1/2-1/2

[Event "1516VL"]
[Site "Mecklenburg-Vorpommern"]
[Date "2015.12.13"]
[Round "4.5"]
[White "Podolskiy, Alexander"]
[Black "Stiegler, Maik"]
[Result "0-1"]
[WhiteElo "1871"]
[BlackElo "1888"]
[PlyCount "118"]
[EventDate "2015.10.11"]
[EventType "team-tourn"]
[EventRounds "9"]
[EventCountry "GER"]
[SourceDate "2015.09.20"]
[WhiteTeam "ASV GW Wismar "]
[BlackTeam "SV BW Grevesmuehlen"]
[WhiteTeamCountry "GER"]
[BlackTeamCountry "GER"]

1. e4 c5 2. Nf3 Nc6 3. d4 cxd4 4. Nxd4 d6 5. Nc3 Nf6 6. Be2 g6 7. Be3 Bg7 8. g4
Qa5 9. f3 h5 10. Nb3 Qd8 11. g5 Nd7 12. Qd2 a6 13. O-O-O O-O 14. f4 b6 15. Rhf1
Nc5 16. Nd4 Bd7 17. f5 Rc8 18. Nd5 Nxe4 19. Qe1 Nxd4 20. Bxd4 Bxd4 21. Rxd4
Bxf5 22. Bf3 e6 23. Bxe4 Qxg5+ 24. Kb1 Bxe4 25. Nf6+ Kg7 26. Nxe4 Qe5 27. Qf2
d5 28. Nf6 Rc7 29. Rd2 b5 30. Re2 Qd6 31. Qd4 Kh6 32. Qe3+ Kg7 33. Nxh5+ Kh7
34. Nf6+ Kg7 35. Ng4 f5 36. Qh6+ Kf7 37. Qh7+ Ke8 38. Qxg6+ Kd8 39. Rxe6 Qc5
40. Rd6+ Kc8 41. Qe6+ Kb8 42. Rb6+ Ka7 43. Rxa6+ Kb7 44. Ne3 d4 45. Rb6+ Qxb6
46. Qxb6+ Kxb6 47. Nd5+ Kc6 48. Nxc7 Kxc7 49. Kc1 Kd6 50. Kd2 Ke5 51. Ke2 Ke4
52. Rf3 f4 53. Rh3 Rg8 54. Kf2 Rc8 55. c3 d3 56. Rh7 Rd8 57. Re7+ Kf5 58. Re1
d2 59. Rd1 Ke4 0-1

[Event "1516VL"]
[Site "Mecklenburg-Vorpommern"]
[Date "2015.12.13"]
[Round "4.6"]
[White "Streit, Bodo"]
[Black "Borchert, Ulf"]
[Result "1-0"]
[WhiteElo "1765"]
[BlackElo "1822"]
[PlyCount "105"]
[EventDate "2015.10.11"]
[EventType "team-tourn"]
[EventRounds "9"]
[EventCountry "GER"]
[SourceDate "2015.09.20"]
[WhiteTeam "SV BW Grevesmuehlen"]
[BlackTeam "ASV GW Wismar "]
[WhiteTeamCountry "GER"]
[BlackTeamCountry "GER"]

1. b4 e5 2. Bb2 Bxb4 3. Bxe5 Nf6 4. Nf3 d5 5. e3 Bg4 6. h3 Bh5 7. Nc3 Nbd7 8.
Bxf6 Nxf6 9. Nb5 c6 10. c3 Ba5 11. Nbd4 O-O 12. Rb1 Rb8 13. Bd3 Bc7 14. Qa4 a6
15. g4 Bg6 16. Bxg6 fxg6 17. Ne6 Qe7 18. Nxf8 Qxf8 19. Ng5 Qe7 20. Ke2 h6 21.
Nf3 Ne4 22. Qd4 Qf7 23. Rbf1 c5 24. Qd3 Rf8 25. Nh4 Be5 26. Nxg6 c4 27. Qxd5
Qxd5 28. Ne7+ Kh7 29. Nxd5 Rd8 30. d3 cxd3+ 31. Kxd3 Nxc3 32. e4 Nxd5 33. exd5
Rxd5+ 34. Ke4 Ra5 35. f4 Bb2 36. Rb1 Rxa2 37. Kf5 b6 38. Rhd1 Ra5+ 39. Ke6 Rb5
40. Rd6 Rb4 41. f5 Re4+ 42. Kd7 Rb4 43. Kc6 a5 44. Rd2 Bc3 45. Rxb4 Bxb4 46.
Rd7 Bc5 47. f6 a4 48. Rxg7+ Kh8 49. Ra7 a3 50. Kd5 Kg8 51. h4 Bf2 52. Rxa3 Bxh4
53. Ke6 1-0

[Event "1516VL"]
[Site "Mecklenburg-Vorpommern"]
[Date "2015.12.13"]
[Round "4.7"]
[White "Bahr, Enrico"]
[Black "Barth, Richard"]
[Result "1-0"]
[WhiteElo "1821"]
[BlackElo "1501"]
[PlyCount "55"]
[EventDate "2015.10.11"]
[EventType "team-tourn"]
[EventRounds "9"]
[EventCountry "GER"]
[SourceDate "2015.09.20"]
[WhiteTeam "ASV GW Wismar "]
[BlackTeam "SV BW Grevesmuehlen"]
[WhiteTeamCountry "GER"]
[BlackTeamCountry "GER"]

1. d4 Nf6 2. Nf3 g6 3. Bg5 Bg7 4. e3 d6 5. Bc4 Be6 6. Bxe6 fxe6 7. c3 c6 8. Qb3
Qd7 9. Nbd2 h6 10. Bh4 g5 11. Bg3 Nh5 12. Ne4 Nxg3 13. hxg3 b6 14. Qc2 Na6 15.
O-O-O O-O-O 16. Ned2 b5 17. a4 Nc7 18. Ne1 a6 19. Nd3 Rdf8 20. Ne4 Qe8 21. Rhf1
Qg6 22. Nb4 Qe8 23. Kd2 Rf5 24. g4 Rf7 25. Ra1 Rhf8 26. f3 e5 27. axb5 axb5 28.
Ra7 1-0

[Event "1516VL"]
[Site "Mecklenburg-Vorpommern"]
[Date "2015.12.13"]
[Round "4.8"]
[White "Wulff, Jens Peter"]
[Black "Pentzien, Volker"]
[Result "1/2-1/2"]
[WhiteElo "1629"]
[BlackElo "1810"]
[PlyCount "45"]
[EventDate "2015.10.11"]
[EventType "team-tourn"]
[EventRounds "9"]
[EventCountry "GER"]
[SourceDate "2015.09.20"]
[WhiteTeam "SV BW Grevesmuehlen"]
[BlackTeam "ASV GW Wismar "]
[WhiteTeamCountry "GER"]
[BlackTeamCountry "GER"]

1. d4 Nf6 2. Nf3 e6 3. Bf4 b6 4. e3 Bb7 5. Bd3 c5 6. c3 Nc6 7. Nbd2 d6 8. Qc2
g6 9. h3 Bg7 10. Nc4 Bf8 11. dxc5 bxc5 12. O-O-O Nd5 13. Bg5 Be7 14. h4 Nb6 15.
Ncd2 Nd7 16. Rh3 Nde5 17. Be2 Qa5 18. Nxe5 Nxe5 19. Ne4 Qxa2 20. Bb5+ Kf8 21.
Bh6+ Kg8 22. Rxd6 Ng4 23. Rd7 1/2-1/2

[Event "1516VL"]
[Site "Mecklenburg-Vorpommern"]
[Date "2016.01.17"]
[Round "5.1"]
[White "Rabinowitsch, Juri"]
[Black "Littke, Helmut"]
[Result "0-1"]
[WhiteElo "1888"]
[BlackElo "1954"]
[PlyCount "36"]
[EventDate "2015.10.11"]
[EventType "team-tourn"]
[EventRounds "9"]
[EventCountry "GER"]
[SourceDate "2015.09.20"]
[WhiteTeam "SF Schwerin IV"]
[BlackTeam "ASV GW Wismar "]
[WhiteTeamCountry "GER"]
[BlackTeamCountry "GER"]

1. e4 c5 2. Nf3 d6 3. d4 cxd4 4. Nxd4 Nf6 5. Nc3 a6 6. Be2 e5 7. Nf3 Be7 8. O-O
O-O 9. Bg5 Nbd7 10. Qd2 b5 11. a3 Bb7 12. Rfd1 Bxe4 13. Rac1 Bb7 14. h3 Rc8 15.
Qe3 Ne8 16. Bxe7 Qxe7 17. Qa7 Rc7 18. Nd5 Bxd5 0-1

[Event "1516VL"]
[Site "Mecklenburg-Vorpommern"]
[Date "2016.01.17"]
[Round "5.2"]
[White "Kliewe, Hans Juergen"]
[Black "Kupfernagel, Michael"]
[Result "1/2-1/2"]
[WhiteElo "1964"]
[BlackElo "1901"]
[PlyCount "61"]
[EventDate "2015.10.11"]
[EventType "team-tourn"]
[EventRounds "9"]
[EventCountry "GER"]
[SourceDate "2015.09.20"]
[WhiteTeam "ASV GW Wismar "]
[BlackTeam "SF Schwerin IV"]
[WhiteTeamCountry "GER"]
[BlackTeamCountry "GER"]

1. d4 Nf6 2. Nf3 d5 3. Bf4 e6 4. e3 Bd6 5. Ne5 O-O 6. Nd2 Nbd7 7. c3 Qe7 8. Bd3
Re8 9. O-O Nf8 10. Qf3 c6 11. Bg5 Qd8 12. Qg3 Be7 13. f4 N6d7 14. Ndf3 g6 15.
Bh6 Bf6 16. f5 exf5 17. Bxf5 Nxe5 18. dxe5 Bg7 19. Bg5 Qb6 20. Bxc8 Raxc8 21.
Qf2 Rc7 22. Bf4 Ne6 23. Nd4 c5 24. Nb3 Rd7 25. Rfe1 a5 26. Rab1 a4 27. Nd2 Qc7
28. Nf3 b5 29. Bg3 Qb6 30. Rbd1 Qb7 31. Re2 1/2-1/2